• 首页
  • 本馆介绍
  • 公告通知
  • 最新文献
  • 馆藏检索
  • 电子资源
  • 读者导购
  • 参考咨询
  • 我的图书馆
  • 登录
  • 详细信息显示
  • 放入我的书架
  • 预约/预借图书
  • 作者相关作品
  • 分类相关作品
  • 丛书相关作品
  • 出版社相关作品

书目信息

  • 表格格式
  • 工作单格式
  • 卡片格式
题名:
一看就懂的大明史
    
 
作者: 陈湘华 著
分册:  
出版信息: 北京   中国法制出版社  2016
页数: 241页
开本: 24cm
丛书名: 一看就懂的中国史系列
单 册:
中图分类: K248.09
科图分类:
主题词: 明代--ming dai--历史--通俗读物
电子资源:
ISBN: 978-7-5093-7709-3
000 01129nam0 22002771 450
001 0127144110
005 20170427144110.0
010    @a978-7-5093-7709-3@dCNY36.00
100    @a20160929d2016 em y0chiy50 ea
101 0  @achi
102    @aCN@b110000
105    @aa z 000yd
106    @ar
200 1  @a一看就懂的大明史@Ayi kan jiu dong de da ming shi@dVery short history of Ming dynasty@f陈湘华著@zeng
210    @a北京@c中国法制出版社@d2016
215    @a241页@c图@d24cm
225 2  @a一看就懂的中国史系列@Ayi kan jiu dong de zhong guo shi xi lie
312    @a封面英文题名:A very short history of Ming dynasty
330    @a本书以大明王朝的时间为经,以重大历史事件为纬,翔实地勾勒出了明朝清晰明了的脉络,帮助读者快速知晓明朝所发生的历史史实。作者用讲故事的口吻叙述每一个历史事件,而且抓住了它们之间的相互联系性,使整个明史一气呵成。
461  0 @12001 @a一看就懂的中国史系列
510 1  @aVery short history of Ming dynasty@zeng
606 0  @a明代@Aming dai@x历史@j通俗读物
690    @aK248.09@v5
701  0 @a陈湘华@Achen xiang hua@4著
801  0 @aCN@bTANGWEI@c20170308
905    @b0966756-8@dK248.09@e100@f3
    
    一看就懂的大明史=Very short history of Ming dynasty/陈湘华著.-北京:中国法制出版社,2016
    241页:图;24cm.-(一看就懂的中国史系列)
    
    
    ISBN 978-7-5093-7709-3:CNY36.00
    本书以大明王朝的时间为经,以重大历史事件为纬,翔实地勾勒出了明朝清晰明了的脉络,帮助读者快速知晓明朝所发生的历史史实。作者用讲故事的口吻叙述每一个历史事件,而且抓住了它们之间的相互联系性,使整个明史一气呵成。
●
相关链接 在E读中查询图书 在五车中查询图书 在当当中查询图书 在豆瓣中查询图书


正题名:一看就懂的大明史     索取号:K248.09/100         预约/预借

序号 登录号 条形码 馆藏地/架位号 状态 备注
1 0966756   209667564   第二样本阅览室/ [索取号:K248.09/100] 在馆    
2 0966757   209667573   第二借阅区/ [索取号:K248.09/100] 在馆    
3 0966758   209667582   第二借阅区/ [索取号:K248.09/100] 在馆    
唐山师范学院图书馆 欢迎您!
大连网信软件有限公司© 版权所有